<?xml version="1.0" encoding="UTF-8"?>
<record
    xmlns:xsi="http://www.w3.org/2001/XMLSchema-instance"
    xsi:schemaLocation="http://www.loc.gov/MARC21/slim http://www.loc.gov/standards/marcxml/schema/MARC21slim.xsd"
    xmlns="http://www.loc.gov/MARC21/slim">

  <leader>00349nam a2200109Ia 4500</leader>
  <datafield tag="999" ind1=" " ind2=" ">
    <subfield code="c">13215</subfield>
    <subfield code="d">13215</subfield>
  </datafield>
  <datafield tag="100" ind1=" " ind2=" ">
    <subfield code="a">Dawn, Suman Kumar</subfield>
  </datafield>
  <datafield tag="245" ind1=" " ind2="0">
    <subfield code="a">Ecotourism and environmental sustainability: a study on West Bengal</subfield>
  </datafield>
  <datafield tag="260" ind1=" " ind2=" ">
    <subfield code="c">2013</subfield>
    <subfield code="b">Indian Council of Social Science Research, New Delhi</subfield>
  </datafield>
  <datafield tag="300" ind1=" " ind2=" ">
    <subfield code="a">xxv,352p</subfield>
  </datafield>
  <datafield tag="504" ind1=" " ind2=" ">
    <subfield code="a">includes bibliography and appendies</subfield>
  </datafield>
  <datafield tag="942" ind1=" " ind2=" ">
    <subfield code="c">RP</subfield>
    <subfield code="2">ddc</subfield>
  </datafield>
  <datafield tag="952" ind1=" " ind2=" ">
    <subfield code="0">0</subfield>
    <subfield code="1">0</subfield>
    <subfield code="4">0</subfield>
    <subfield code="7">0</subfield>
    <subfield code="a">NASSDOC</subfield>
    <subfield code="b">NASSDOC</subfield>
    <subfield code="d">2018-09-15</subfield>
    <subfield code="e">Gifted by : RP Division ICSSR</subfield>
    <subfield code="i">2018-07-05</subfield>
    <subfield code="l">0</subfield>
    <subfield code="p">50022</subfield>
    <subfield code="r">2019-04-18 00:00:00</subfield>
    <subfield code="w">2019-04-18</subfield>
    <subfield code="y">RP</subfield>
  </datafield>
  <datafield tag="952" ind1=" " ind2=" ">
    <subfield code="0">0</subfield>
    <subfield code="1">0</subfield>
    <subfield code="4">0</subfield>
    <subfield code="7">0</subfield>
    <subfield code="a">NASSDOC</subfield>
    <subfield code="b">NASSDOC</subfield>
    <subfield code="d">2024-05-02</subfield>
    <subfield code="l">0</subfield>
    <subfield code="o">RQ.0051</subfield>
    <subfield code="p">53839</subfield>
    <subfield code="r">2024-05-02 00:00:00</subfield>
    <subfield code="w">2024-05-02</subfield>
    <subfield code="y">RP</subfield>
  </datafield>
</record>
